00261nam a22001097a 4500082001700000100001800017245002400035260004200059300001200101650002000113700001800133 a891.4393 HAS aHashim Nadeem aBachpan ka december aLahore,bIlm o irfan publishersc2012 a320p. : aUrdu literature aHashim Nadeem